|
|
|
|
| LEADER |
00000nab a2200000 a 4500 |
| 001 |
vtls000057072 |
| 003 |
SK-MaSNL |
| 005 |
20260305035307.0 |
| 008 |
250422c1979 xo 0 slo |
| 015 |
|
|
|a SNBRB19rr/mm-uuuuu
|
| 035 |
|
|
|a CL0067169
|
| 035 |
|
|
|a urn:nbn:sk:snk-ab7etp
|
| 035 |
|
|
|a (urnnbn)urn:nbn:sk:snk:ar-005c9x
|
| 035 |
|
|
|a (uuid)a092be25-cd5e-42ef-8888-25fa7b711677
|
| 040 |
|
|
|a SNKBUCL
|b slo
|c SNKBUCL
|e AACR2
|
| 041 |
0 |
|
|a slo
|
| 044 |
|
|
|a xo
|c SK
|
| 080 |
|
|
|a 796/799
|2 1981
|
| 080 |
|
|
|a 613.7
|2 1981
|
| 100 |
1 |
|
|a Kocinger, A.
|4 aut
|9 532824
|
| 245 |
1 |
0 |
|a Pretekársky šport v strednom a staršom veku?
|c A. Kocinger
|
| 650 |
0 |
7 |
|a športovci
|2 snkbucl
|9 1043
|
| 650 |
0 |
7 |
|a športový tréning
|2 snkbucl
|9 163263
|
| 655 |
|
7 |
|a články z novín a časopisov
|2 snkbucl
|9 267496
|
| 773 |
0 |
|
|t Rehabilitácia
|g Roč. 12, č. supl.19 (1979), s. 168-171
|
| 850 |
|
|
|a Slovenská národná knižnica
|
| 852 |
|
|
|a Slovenská národná knižnica
|
| 954 |
|
|
|a odborná, vedecká literatúra pôvodná (slovenská)
|2 lita
|
| 958 |
|
|
|a article7
|
| 958 |
|
|
|a RK
|
| 958 |
|
|
|a MI
|
| 958 |
|
|
|a OND
|
| 958 |
|
|
|a EUIPO
|
| 992 |
|
|
|a RBX
|
| 999 |
|
|
|c 3333113
|d 3335043
|